000 00613nam a2200169Ia 4500
008 090711s9999 xx 000 0 und d
082 _b70223
100 _aशेवते अरुण (संपा.)
245 _aसाहेब संध्याकाळी भेटले
260 _c1992
300 _a93
600 _aशेवते अरुण (संपा.)
630 _aसाहेब संध्याकाळी भेटले
700 _aशेवते अरुण (संपा.)
730 _aसाहेब संध्याकाळी भेटले
942 _cBOOK
999 _c287041
_d287041